Welcome to the Holygrace Academy Library

Please use search bar below to get started

THE FIFTH MOUNTAIN (Record no. 2945)

MARC details
000 -LEADER
fixed length control field 00632nam a22001457a 4500
020 ## - INTERNATIONAL STANDARD BOOK NUMBER
ISBN 81-7223-514-3
082 ## - DEWEY DECIMAL CLASSIFICATION NUMBER
Classification number 823
Item number COE/F
100 ## - MAIN ENTRY--AUTHOR NAME
Personal name COELHO, PAULO
245 ## - TITLE STATEMENT
Title THE FIFTH MOUNTAIN
260 ## - PUBLICATION, DISTRIBUTION, ETC. (IMPRINT)
Place of publication LONDON
Name of publisher HARPER COLLINS
Year of publication 2006
300 ## - PHYSICAL DESCRIPTION
Number of Pages 245
520 ## - SUMMARY, ETC.
Summary, etc The Fifth Mountain is an inspiring story of a man named Elijah. He is a prophet who lived in Israel. For a certain reason, he has to flee away from his home to a town called Akbar. In Akbar he survives the challenges of his life which later change him and prepare him to go back to Israel and rebuild his home country.
650 ## - SUBJECT ADDED ENTRY--TOPICAL TERM
Topical Term NOVEL
Geographic subdivision UNITED KINGDOM
942 ## - ADDED ENTRY ELEMENTS (KOHA)
Koha item type Books
Holdings
Withdrawn status Lost status Collection code Home library Current library Shelving location Date acquired Source of acquisition Cost, normal purchase price Full call number Accession Number Koha item type
    Fiction Main Library Main Library SHELF-14C- ALPHABETICAL -C--ENGLISH NOVELS & FICTIONS 15/06/2009 purchase 295.00 823 COE/F 04860 Books